[Event "Budapest FS05 IM"]
[Site "Budapest"]
[Date "2023.05.07"]
[Round "2"]
[White "Nimmy, A George"]
[Black "Bodi, Tibor"]
[Result "1-0"]
[WhiteElo "2099"]
[BlackElo "2336"]
[PlyCount "61"]
[EventDate "2023.05.06"]
[EventType "tourn"]
[EventRounds "9"]
[EventCountry "HUN"]
[SourceTitle "CBM 214 Extra"]
[Source "ChessBase"]
[SourceDate "2023.07.31"]
[SourceVersion "1"]
[SourceVersionDate "2023.07.31"]
[SourceQuality "1"]

1. e4 e5 2. Nf3 Nc6 3. Bb5 Nge7 4. 0-0 Ng6 5. d4 exd4 6. Nxd4 Bc5 7. Nf5 0-0 8. Qh5 d6 9. Bg5 f6 10. Bd2 Be6 11. Nc3 Nce5 12. Rad1 c6 13. Be2 Qe8 14. Na4 Bxf5 15. Qxf5 Ne7 16. Qe6+ Qf7 17. Nxc5 dxc5 18. Qxf7+ Kxf7 19. Be3 Rfd8 20. Bxc5 g5 21. Rxd8 Rxd8 22. Bxa7 Rd2 23. Bd1 Nc4 24. b3 Nb2 25. Bh5+ Ke6 26. c4 Nd3 27. Bg4+ Ke5 28. Rd1 Rxa2 29. Be3 Nb2 30. Bd4+ Kf4 31. f3 1-0

[Event "IND-ch (Women) 48th"]
[Site "Hatkanangale"]
[Date "2023.01.05"]
[Round "11"]
[White "Chitlange, Sakshi"]
[Black "Nimmy, A George"]
[Result "1-0"]
[WhiteElo "2213"]
[BlackElo "2110"]
[PlyCount "43"]
[EventDate "2022.12.26"]
[EventType "swiss"]
[EventRounds "11"]
[EventCountry "IND"]
[SourceTitle "CBM 212 Extra"]
[Source "ChessBase"]
[SourceDate "2023.03.31"]
[SourceVersion "1"]
[SourceVersionDate "2023.03.31"]
[SourceQuality "1"]

1. d4 d5 2. c4 c6 3. Nf3 Nf6 4. Nc3 dxc4 5. a4 Bf5 6. e3 e6 7. Bxc4 Bb4 8. 0-0 Nbd7 9. Qe2 Bg6 10. e4 Bxc3 11. bxc3 Nxe4 12. Ba3 Nb6 13. Bb3 Nxc3 14. Qb2 Nbd5 15. Rfc1 Ne4 16. Bxd5 cxd5 17. Qxb7 Rb8 18. Qxa7 Ra8 19. Qb7 Rb8 20. Qa6 Rb6 21. Qa7 Rb3 22. Rc8 1-0